| 000 | 00653nam a22002297a 4500 | ||
|---|---|---|---|
| 003 | OSt | ||
| 005 | 20140310181706.0 | ||
| 008 | 121122t xxu||||| |||| 00| 0 eng d | ||
| 020 | _a0553483366 | ||
| 050 |
_aPZ 7 _b.St849 1997 |
||
| 082 |
_aKF St4sv _b#70 |
||
| 100 |
_aStewart. Molly Mia _93765 |
||
| 245 |
_aSweet valley kids #70 : _ccreated by francine Pascal. _bGood-bye Mrs. Otis / |
||
| 260 |
_aNew York: _bBantam Books, _c1997. |
||
| 300 |
_a83 p.: _c20 cm. |
||
| 541 | _j1 | ||
| 562 | _e1 | ||
| 650 |
_aJuvenile literature _94153 |
||
| 650 |
_aTeacher _xFiction _94385 |
||
| 650 |
_aBunny _xfiction _94386 |
||
| 942 |
_2lcc _cBK-KF _kKF |
||
| 999 |
_c1342 _d1342 |
||